Statistiques concernant Romains 12. 17-21 - facile

Cliquez ici pour prendre le quiz!

Statistiques générales

  • Ce quiz a été pris 6 fois
  • Le résultat moyen est 12 sur 30

Statistiques - réponses

Versets% Correct
le {mal} pour le mal.
100%
Ne rendez à {personne}
100%
donne-lui à {boire},
67%
donne-lui à {manger},
67%
s'il a {soif},
67%
à {chacun}
33%
{ardents} sur sa tête.
33%
avec tous les {hommes}.
33%
car en {agissant} ainsi,
33%
car il est {écrit}:
33%
cela {dépend} de vous,
33%
ce qu’il {mérite}, dit le Seigneur.
33%
C’est à {moi}
33%
c’est moi qui {donnerai}
33%
dans la {mesure} où
33%
devant tous les {hommes}.
33%
du mal par le {bien}.
33%
la {colère} de Dieu,
33%
mais laissez {agir}
33%
Mais si ton {ennemi} a faim,
33%
mais sois {vainqueur}
33%
Ne te {laisse} pas
33%
Ne vous {vengez}
33%
pas {vous-mêmes}, bien-aimés,
33%
qu’appartient la {vengeance},
33%
{Recherchez} ce qui est bien
33%
Si cela est {possible},
33%
soyez en {paix}
33%
tu amasseras des {charbons}
33%
{vaincre} par le mal,
33%

Distribution des résultats

Percentile par nombre de réponses

% des personnes avec chaque résultat

Votre développement - résultats

Vous n’avez pas pris ce quiz